<?xml version="1.0" encoding="UTF-8"?>
<record
    xmlns:xsi="http://www.w3.org/2001/XMLSchema-instance"
    xsi:schemaLocation="http://www.loc.gov/MARC21/slim http://www.loc.gov/standards/marcxml/schema/MARC21slim.xsd"
    xmlns="http://www.loc.gov/MARC21/slim">

  <leader>01279nam a22002417a 4500</leader>
  <controlfield tag="005">20120614170415.0</controlfield>
  <controlfield tag="008">081007t        xxu||||| |||| 00| 0 mar</controlfield>
  <datafield tag="010" ind1=" " ind2=" ">
    <subfield code="a">MAR-22212</subfield>
  </datafield>
  <datafield tag="020" ind1=" " ind2=" ">
    <subfield code="c">115.00</subfield>
  </datafield>
  <datafield tag="035" ind1=" " ind2=" ">
    <subfield code="a">MR-14870</subfield>
  </datafield>
  <datafield tag="037" ind1=" " ind2=" ">
    <subfield code="b">D.B.Act /pub</subfield>
  </datafield>
  <datafield tag="082" ind1=" " ind2=" ">
    <subfield code="a">891.46301</subfield>
  </datafield>
  <datafield tag="100" ind1=" " ind2=" ">
    <subfield code="a">&#x917;&#x941;&#x930;&#x935;, &#x905;&#x928;&#x902;&#x924;</subfield>
    <subfield code="9">49115</subfield>
  </datafield>
  <datafield tag="245" ind1=" " ind2=" ">
    <subfield code="a">&#x91A;&#x93E;&#x930; &#x906;&#x923;&#x94D;&#x92F;&#x93E;&#x902;&#x91A;&#x940; &#x915;&#x94B;&#x902;&#x92C;&#x921;&#x940;... /</subfield>
    <subfield code="c">&#x905;&#x928;&#x902;&#x924; &#x917;&#x941;&#x930;&#x935;</subfield>
  </datafield>
  <datafield tag="246" ind1=" " ind2=" ">
    <subfield code="a">Chaar Anayanchi Kombdi</subfield>
    <subfield code="b">by Aant Gurav</subfield>
  </datafield>
  <datafield tag="260" ind1=" " ind2=" ">
    <subfield code="a">&#x92E;&#x941;&#x902;&#x92C;&#x908;</subfield>
    <subfield code="b">&#x936;&#x94D;&#x930;&#x940; &#x938;&#x92A;&#x94D;&#x924;&#x936;&#x943;&#x902;&#x917;&#x940; &#x92A;&#x92C;&#x94D;&#x932;&#x93F;&#x915;&#x947;&#x936;&#x928;</subfield>
    <subfield code="c">2011</subfield>
  </datafield>
  <datafield tag="270" ind1=" " ind2=" ">
    <subfield code="a">&#x930;&#x942;&#x92E; &#x928;&#x902;. 8,&#x938;&#x926;&#x94D; &#x92E;&#x93E;&#x933;&#x940; &#x91A;&#x93E;&#x933;,&#x906;&#x91D;&#x93E;&#x926; &#x930;&#x94B;&#x921;,&#x936;&#x93E;&#x902;&#x924;&#x93E;&#x926;&#x941;&#x930;&#x94D;&#x917;&#x93E; &#x92E;&#x93E;&#x924;&#x947;&#x91A;&#x94D;&#x92F;&#x93E; &#x92E;&#x902;&#x926;&#x93F;&#x930;&#x93E;&#x91C;&#x935;&#x933;,&#x92E;&#x93E;&#x932;&#x92A;&#x93E; &#x921;&#x94B;&#x902;&#x917;&#x930;&#x940; &#x928;&#x902;.1,&#x905;&#x902;&#x927;&#x947;&#x930;&#x940;(&#x92A;&#x942;&#x930;&#x94D;&#x935;)</subfield>
    <subfield code="b">&#x92E;&#x941;&#x902;&#x92C;&#x908;</subfield>
    <subfield code="e">400025</subfield>
  </datafield>
  <datafield tag="300" ind1=" " ind2=" ">
    <subfield code="a">110&#x92A;&#x943;</subfield>
    <subfield code="c">22&#x938;&#x947;&#x92E;&#x940; (&#x905;&#x91C;&#x93F;&#x932;&#x94D;&#x926;)</subfield>
  </datafield>
  <datafield tag="650" ind1=" " ind2=" ">
    <subfield code="a">&#x92E;&#x930;&#x93E;&#x920;&#x940; &#x915;&#x925;&#x93E;&#x938;&#x902;&#x917;&#x94D;&#x930;&#x939;</subfield>
    <subfield code="9">49162</subfield>
  </datafield>
  <datafield tag="650" ind1=" " ind2=" ">
    <subfield code="a">Marathi Short Stories</subfield>
    <subfield code="9">49163</subfield>
  </datafield>
  <datafield tag="942" ind1=" " ind2=" ">
    <subfield code="2">ddc</subfield>
    <subfield code="c">MR</subfield>
    <subfield code="m">&#x917;&#x941;&#x930;&#x935;</subfield>
    <subfield code="h">891.46301</subfield>
  </datafield>
  <datafield tag="999" ind1=" " ind2=" ">
    <subfield code="c">67988</subfield>
    <subfield code="d">67988</subfield>
  </datafield>
  <datafield tag="952" ind1=" " ind2=" ">
    <subfield code="0">0</subfield>
    <subfield code="1">0</subfield>
    <subfield code="2">ddc</subfield>
    <subfield code="4">0</subfield>
    <subfield code="7">1</subfield>
    <subfield code="8">FIC</subfield>
    <subfield code="a">DBAD</subfield>
    <subfield code="b">DBAD</subfield>
    <subfield code="d">2012-06-15</subfield>
    <subfield code="e">DBAD / PUB</subfield>
    <subfield code="g">115.00</subfield>
    <subfield code="l">0</subfield>
    <subfield code="o">891.46301 &#x917;&#x941;&#x930;&#x935;</subfield>
    <subfield code="p">MR-14870</subfield>
    <subfield code="r">2012-06-15 00:00:00</subfield>
    <subfield code="t">1</subfield>
    <subfield code="v">115.00</subfield>
    <subfield code="w">2012-06-15</subfield>
    <subfield code="y">MR</subfield>
  </datafield>
</record>
